Berliner Speckgürtel - Direkte Nachbarn - Statistiken

Allgemein
  • Dieses Quiz wurde 95 mal gespielt
    58 seit der letzten Aktualisierung
  • Das Durchschnittsergebnis liegt bei 8 aus 26
Antwortstatistiken
Landkreis Gemeinde % Korrekt
Landeshauptstadt Potsdam
98%
Falkensee
68%
Potsdam-Mittelmark Teltow
65%
Erkner
58%
Dahme-Spreewald Königs Wusterhausen
58%
Oberhavel Hennigsdorf
45%
Teltow-Fläming Blankenfelde-Mahlow
43%
Ahrensfelde
40%
Schönefeld
40%
Hohen Neuendorf
38%
Zeuthen
35%
Eichwalde
28%
Havelland Dallgow-Döberitz
25%
Panketal
25%
Märkisch-Oderland Hoppegarten
23%
Glienicke / Nordbahn
20%
Kleinmachnow
20%
Mühlenbecker Land
20%
Neuenhagen b. Berlin
15%
Oder-Spree Schöneiche b. Berlin
13%
Barnim Wandlitz
13%
Woltersdorf
13%
Schönwalde-Glien
10%
Schulzendorf
10%
Großbeeren
8%
Spreenhagen
5%
Keine übereinstimmenden Quizze gefunden
Verteilung der Resultate
Anzahl Personen mit jedem Resultat
Perzentil nach korrekt beantworteten Fragen
Ihre Resultats-Entwicklung
Sie haben dieses Quiz seit der letzten Aktualisierung nicht gespielt